Revista de Regulacin̤ de Agua Potable y Saneamiento Bs̀ico

Bibliographic Details
Format: Unknown
Language:Spanish
Published: Bogot ̀: Comisin̤ de Regulacin̤ del Agua Potable, 1995-
Subjects:
Online Access:http://www.vlex.com/source/11066

MARC

LEADER 00000 a2200000 4500
005 20130503153852.0
007 cr|||| ||||
008 130503c1995 ck u|p s|||| 0|||b1spa d
035 |a 11066 
040 |a vLex 
090 |c 4279  |d 4279 
245 0 0 |a Revista de Regulacin̤ de Agua Potable y Saneamiento Bs̀ico  |h [Recurso electrn̤ico] 
256 |a Servicio en ln̕ea 
260 |a Bogot ̀:  |b Comisin̤ de Regulacin̤ del Agua Potable,   |c 1995- 
300 |a 1 Recurso electrn̤ico 
506 |d vLex Global  |d vLex Global (Academic Edition, excluding Law Schools)  |d vLex Global (U.S. Academic Edition, Law Schools)  |d vLex Global (U.S. Academic Edition, excluding Law Schools)  |d vLex Global (Academic Edition, Law Schools) 
650 0 4 |a Derecho del medio ambiente  |v Revistas 
650 0 4 |a Administracin̤ hidrùlica  |v Revistas 
650 0 4 |a Principios de la gestin̤ pb︢lica del agua  |v Revistas 
650 0 4 |a Urbanismo  |v Revistas 
650 0 4 |a Derecho administrativo  |v Revistas 
740 |a vLex Revistas (Servicio en ln̕ea) 
856 |a Acceso restringido  |u http://www.vlex.com/source/11066 
942 |c REV 
999 0 |a Environmental law